000 00913nam a2200337 a 4500
003 AR-BaBNM
005 20251128203140.0
008 082120s2002 ||||||||||||||000 | spa||
040 _cAR-BaBNM
100 1 _aBlunck, Richard
245 0 0 _aIgnacio de Loyola
_bsu vida y su obra
260 _aBuenos Aires
_bPeuser
_c1952
300 _a313 p.
500 _aTabla cronológica p. 303-305
504 _aBibliografía para consultar p. 307-311
610 2 4 _aIGLESIA CATOLICA
650 4 _aBIOGRAFIAS
650 4 _aHISTORIA EUROPEA
650 4 _aHISTORIA POLITICA
650 4 _aSIGLO DIECISEIS
650 4 _aSIGLO DIECISIETE
650 4 _aMISIONES RELIGIOSAS
650 4 _aMISIONES JESUITICAS
650 4 _aIGLESIA CATOLICA
650 4 _aHISTORIA DE LAS RELIGIONES
651 4 _aEspaña
655 _aBIOGRAFIAS
700 1 _aFerrari, Santiago
_etraductor
942 _cBK
998 _cMariana
999 _c2133
_d2133